| 000 | 00725nam a2200193 4500 | ||
|---|---|---|---|
| 001 | 132132 | ||
| 003 | ES-MaACL | ||
| 005 | 20230906194118.0 | ||
| 007 | t| | ||
| 008 | 070214q1946 sp r ||||1| spa d | ||
| 100 | 1 |
_aRodríguez de la Sierra y Benítez, Eutropio. _998455 |
|
| 245 | 1 | 0 |
_aComunicación relativa a la inspección de los seguros sociales / _cpor Eutropio Rodríguez de la Sierra y Benítez. |
| 260 |
_aAlmería : _b[s. n., _c[1946] ( _fImp. La Crónica) |
||
| 300 |
_a15 p. ; _c22 cm. |
||
| 594 | _aPrecede al tít.: Congreso de Estudios Sociales. Sección 5ª. | ||
| 650 | 4 |
_aSeguridad social. _9136859 |
|
| 711 | 2 |
_aCongreso de Estudios Sociales ( _d1945. _cMadrid) _9173563 |
|
| 852 |
_aES-MaACL _j1866-F-6 |
||
| 999 |
_c132132 _d132132 |
||